Objetivos de la educación / (Record no. 88573)

MARC details
000 -LEADER
campo de control de longitud fija 00746nam a2200241 i 4500
001 - NÚMERO DE CONTROL
campo de control 88573
003 - IDENTIFICADOR DE NÚMERO DE CONTROL
campo de control ES-MaACL
005 - FECHA Y HORA DE LA ÚLTIMA TRANSACCIÓN
campo de control 20250824063036.0
007 - CAMPO FIJO DE DESCRIPCIÓN FÍSICA--INFORMACIÓN GENERAL
campo de control de longitud fija t|
008 - DATOS DE LONGITUD FIJA--INFORMACIÓN GENERAL
campo de control de longitud fija 050105s1977 sp ||||1| spa d
100 1# - ENTRADA PRINCIPAL--NOMBRE DE PERSONA
Nombre de persona Landsheere, Viviane.
9 (RLIN) 69981
245 10 - MENCIÓN DEL TÍTULO
Título Objetivos de la educación /
Mención de responsabilidad, etc. Viviane y Gilbert de Landsheere.
250 ## - MENCION DE EDICION
Mención de edición [1ª ed.].
260 ## - PUBLICACIÓN, DISTRIBUCIÓN, ETC.
Lugar de publicación, distribución, etc. Barcelona, etc. :
Nombre del editor, distribuidor, etc. Oikos-Tau,
Fecha de publicación, distribución, etc. [1977]
300 ## - DESCRIPCIÓN FÍSICA
Extensión 316 p. ;
Dimensiones 19 cm.
490 1# - MENCIÓN DE SERIE
Mención de serie Ciencias de la educación (Oikos-Tau)
RLIN 241993
700 1# - ENTRADA AGREGADA--NOMBRE PERSONAL
Nombre de persona Landsheere, Gilbert.
9 (RLIN) 69980
700 1# - ENTRADA AGREGADA--NOMBRE PERSONAL
Nombre de persona Ferrer, Alexandre.
9 (RLIN) 50405
830 #0 - PUNTO DE ACCESO ADICIONAL DE SERIE-TÍTULO UNIFORME
Título uniforme Ciencias de la educación (Oikos-Tau)
9 (RLIN) 241993
852 ## - LOCALIZACIÓN
Ubicación ES-MaACL
Número de control de estantería A-6601
Sublocalización o colección R.95683
942 ## - ELEMENTOS DE ENTRADA SECUNDARIOS (KOHA)
Fuente del sistema de clasificación o colocación Clasificación decimal universal
Holdings
Estatus retirado Estado de pérdida Estado de daño No para préstamo Biblioteca de origen Biblioteca actual Ubicación en estantería Fecha de adquisición Fuente de adquisición Total de préstamos Signatura topográfica completa Código de barras Visto por última vez Precio de reemplazo Tipo de ítem Koha
        Biblioteca del Ateneo de Madrid Biblioteca del Ateneo de Madrid Sala Pecera Planta 1 17/01/2008     A-6601 1092519 23/02/2023 23/02/2023 Libro impreso